[Event "Femida"]
[Site "Kharkov UKR"]
[Date "2003.10.14"]
[Round "8"]
[White "Maiko,J"]
[Black "Gagloshvili,R"]
[Result "1-0"]
[WhiteElo "2178"]
[BlackElo "2218"]

1.e4 g6 2.d4 d6 3.Nc3 Bg7 4.Bc4 Nd7 5.Nf3 c6 6.a4 Ngf6 7.e5 Nd5 8.Bxd5 cxd5
9.exd6 e6 10.O-O O-O 11.Bf4 b6 12.Ne5 Bb7 13.Re1 Nf6 14.h3 a6 15.Qf3 Ra7
16.Bg5 h6 17.Bh4 g5 18.Bg3 Ba8 19.Ra3 Ne8 20.d7 Nf6 21.h4 Nxd7 22.hxg5 hxg5
23.Nxd7 Rxd7 24.Qd3 Bb7 25.Nb1 Bc6 26.b4 b5 27.Nc3 Qe7 28.axb5 Bxb5 29.Nxb5 Qxb4
30.c3 Qxb5 31.Qe3 Bf6 32.Rea1 Ra7 33.Be5 Bxe5 34.dxe5 Rfa8 35.Qxg5+ Kf8 36.Qf6 Qd3
37.c4 Qg6 38.Qh8+ Ke7 39.Qh4+ Kd7 40.cxd5 exd5 41.Rd1 Ke6 42.Rb3 Qc2 43.Qf6+ Kd7
44.Qxf7+ Kd8 45.Qxd5+  1-0

[Event "EuTCh w"]
[Site "Plovdiv BUL"]
[Date "2003.10.14"]
[Round "4"]
[White "Agrest,S"]
[Black "Foisor,C"]
[Result "1/2-1/2"]
[WhiteElo "2245"]
[BlackElo "2398"]

1.e4 g6 2.d4 Bg7 3.Nc3 d6 4.Be3 a6 5.f4 b5 6.Be2 Bb7 7.Bf3 Qc8 8.Nge2 Nd7
9.O-O e6 10.Kh1 Ne7 11.Qd3 O-O 12.a3 f5 13.Ng3 Nb6 14.Rad1 Rb8 15.Bc1 Rf7
16.Nce2 c5 17.dxc5 dxc5 18.b3 Nc6 19.e5 Bf8 20.Qe3 Ne7 21.Bxb7 Rxb7 22.Qf3 Ned5
23.Nc3 c4 24.Nge2 cxb3 25.cxb3 Rbc7 26.Nb1 Rc2 27.Nd4 Ra2 28.b4 Rc7 29.Qb3 Rac2
30.Nxc2 Rxc2 31.Be3 Qc4 32.Qxc4 Nxc4 33.Bd4 Bh6 34.g3 g5 35.fxg5 Bxg5 36.Rde1 Be3
37.Bc5 h5 38.h3 Kg7 39.Bxe3 Ndxe3 40.Rf3 Nd5 41.Kg1 Ne7 42.g4 hxg4 43.hxg4 fxg4
44.Rg3 Ng6 45.Rxg4 Kh6 46.Rg2 Rxg2+ 47.Kxg2 Kg5 48.Nc3 Kf4 49.Ne4 Ne3+ 50.Kf2 Ng4+
51.Kf1 Nh2+ 52.Kf2 Ng4+ 53.Kf1 Nh2+ 54.Kf2  1/2-1/2

[Event "ch-Africa"]
[Site "Abuja NGR"]
[Date "2003.10.15"]
[Round "7"]
[White "El Taher,F"]
[Black "El Gindy,E"]
[Result "1/2-1/2"]
[WhiteElo "2505"]
[BlackElo "2501"]

1.e4 g6 2.d4 Bg7 3.Nc3 d6 4.Be3 a6 5.Qd2 b5 6.f3 Nd7 7.h4 h5 8.Nh3 Bb7 9.Ng5 c6
10.O-O-O Qa5 11.Kb1 Ngf6 12.Bd3  1/2-1/2

[Event "EuTCh w"]
[Site "Plovdiv BUL"]
[Date "2003.10.19"]
[Round "8"]
[White "Calzetta,M"]
[Black "Khurtsidze,N"]
[Result "1/2-1/2"]
[WhiteElo "2274"]
[BlackElo "2418"]

1.e4 g6 2.d4 Bg7 3.Nc3 d6 4.Be3 Nd7 5.Nf3 a6 6.Qd2 e6 7.Bd3 b5 8.O-O Bb7
9.a4 c6 10.Rfe1 Ne7 11.Bh6 O-O 12.Bxg7 Kxg7 13.Qf4 e5 14.Qg3 exd4 15.Nxd4 b4
16.Nce2 c5 17.Nf3 Qc7 18.Nf4 Nf6 19.e5 dxe5 20.Nxe5 Ned5 21.Bxg6 Nxf4 22.Bxf7+ Kh8
23.Qxf4 Rxf7 24.Nxf7+ Qxf7 25.Re3 Rf8 26.Rae1 Nd5 27.Qe5+ Qg7 28.Re4 Qxe5
29.Rxe5  1/2-1/2

[Event "EuTCh w"]
[Site "Plovdiv BUL"]
[Date "2003.10.19"]
[Round "8"]
[White "Andersson,C"]
[Black "Klinova,M"]
[Result "0-1"]
[WhiteElo "2169"]
[BlackElo "2378"]

1.e4 d6 2.Nc3 g6 3.d4 Bg7 4.Be3 c6 5.Nf3 Nf6 6.Bd3 O-O 7.Qd2 Nbd7 8.h3 e5
9.Bh6 Re8 10.dxe5 dxe5 11.Bc4 b5 12.Bxg7 Kxg7 13.Bb3 Qe7 14.O-O-O Nc5 15.Ng5 b4
16.Na4 Ncxe4 17.Nxe4 Nxe4 18.Qe2 Nc5 19.Nxc5 Qxc5 20.Rhe1 a5 21.Qc4 Qxc4
22.Bxc4 Be6 23.Bxe6 Rxe6 24.Rd7 e4 25.f4 exf3 26.Red1 fxg2 27.R7d2 Rae8 28.Rxg2 h5
29.Rd7 R8e7 30.Rd8 h4 31.Rd4 Re4 32.Rd6 R7e6 33.Rxe6 fxe6 34.Kd2 e5 35.Kd3 Rf4
36.Ke3 Kf6 37.b3 Kf5 38.Rd2 Re4+ 39.Kf3 Rd4 40.Rg2 g5 41.Ke3 Re4+ 42.Kd3 Rf4
43.Ke2 e4 44.Ke3 Rf3+ 45.Kd4 Rxh3 46.Rf2+ Rf3 47.Re2 g4 48.Kc5 g3  0-1

[Event "EuTCh w"]
[Site "Plovdiv BUL"]
[Date "2003.10.19"]
[Round "8"]
[White "Gaponenko,I"]
[Black "Socko,M"]
[Result "1/2-1/2"]
[WhiteElo "2409"]
[BlackElo "2395"]

1.e4 g6 2.d4 d6 3.Nc3 Bg7 4.Be3 a6 5.a4 Nf6 6.Be2 O-O 7.Qd2 Ng4 8.Bxg4 Bxg4
9.h3 Bd7 10.Bh6 Bxh6 11.Qxh6 Nc6 12.Nf3 f6 13.Qd2 b5 14.axb5 axb5 15.O-O b4
16.Nd5 Rb8 17.b3 e6 18.Ne3 d5 19.exd5 exd5 20.Nxd5 Bxh3 21.Ne3 Bc8 22.Rfe1 Ne7
23.d5 Nf5 24.Ra4 Nxe3 25.Rxe3 Bf5 26.Rxb4 Rxb4 27.Qxb4 Qxd5 28.c4 Qd1+ 29.Re1 Qd3
30.Re3 Qd1+ 31.Re1 Qd3 32.Re3  1/2-1/2

[Event "300 Years"]
[Site "St Petersburg RUS"]
[Date "2003.10.19"]
[Round "2"]
[White "Brodsky,M"]
[Black "Utkin,Alek"]
[Result "1-0"]
[WhiteElo "2559"]
[BlackElo "2382"]

1.e4 g6 2.d4 Bg7 3.Nc3 d6 4.g3 Nf6 5.Bg2 O-O 6.Nge2 e5 7.h3 c6 8.a4 a5 9.O-O Na6
10.Be3 Nb4 11.Qd2 Be6 12.Rad1 Qc7 13.f4 Bc4 14.Rfe1 Rad8 15.b3 Ba6 16.g4 d5
17.fxe5 Nxe4 18.Nxe4 dxe4 19.Nc3 Bxe5 20.Nxe4 f5 21.gxf5 gxf5 22.Nc5 Bh2+
23.Kh1 f4 24.Bg1 Bg3 25.Ne6 Bxe1 26.Rxe1 Qd7 27.Nxd8 Qxd8 28.c4 f3 29.Bxf3 Kh8
30.Bh2 Rxf3 31.Be5+ Rf6 32.Qg5  1-0

[Event "300 Years"]
[Site "St Petersburg RUS"]
[Date "2003.10.21"]
[Round "4"]
[White "Novikov,Ma"]
[Black "Zontakh,A"]
[Result "0-1"]
[WhiteElo "2430"]
[BlackElo "2531"]

1.e4 g6 2.d4 Bg7 3.Nc3 d6 4.Nf3 Nf6 5.Be3 c6 6.Qd2 Qa5 7.Bd3 Nbd7 8.Bh6 O-O
9.O-O e5 10.Rad1 Re8 11.Bxg7 Kxg7 12.a3 Nf8 13.Ne2 Qc7 14.h3 Ne6 15.c3 h6
16.Nh4 Nh5 17.g3 Ng5 18.f3 Qe7 19.Ng2 Nxh3+ 20.Kh2 Ng5 21.Rde1 Nf6 22.Ng1 Bd7
23.Kh1 Rad8 24.Qe3 Bc8 25.Bc2 a6 26.Qe2 Nh3 27.Kh2 Nxg1 28.Kxg1 Nh5 29.Qf2 Qg5
30.Kh2 Nf6 31.Kg1 Qh5 32.Re3 Qh3 33.g4 h5 34.g5 Nh7 35.f4 Qd7 36.fxe5 dxe5
37.Bb3 Rf8 38.Qg3 Qe7 39.dxe5 Qxg5 40.Qh2 Bg4 41.Rg3 Qxe5 42.Nf4 Nf6 43.Nd3 Rxd3
44.Rxd3 Qxh2+ 45.Kxh2 Be2 46.Rxf6 Bxd3 47.e5 g5 48.Rd6 Bf5 49.a4 h4 50.a5 Re8
51.Bxf7 Rxe5  0-1

[Event "29th Guernsey Open"]
[Site "Les Dicqs GCI"]
[Date "2003.10.22"]
[Round "4"]
[White "Ruston,M"]
[Black "Rosen,D"]
[Result "1-0"]
[WhiteElo "2105"]
[BlackElo "2144"]

1.e4 g6 2.Nc3 Bg7 3.d4 d6 4.Be3 c6 5.a4 Nf6 6.h3 Nbd7 7.Nf3 b6 8.e5 Ng8 9.exd6 exd6
10.d5 c5 11.Bb5 Nf6 12.Bc6 Ba6 13.Nb5 O-O 14.Bxa8 Qxa8 15.c4 Ne4 16.Qc2 f5
17.Nc7 Qc8 18.Ne6 Re8 19.Nxg7 Kxg7 20.O-O Qd8 21.Qc1 Ne5 22.Nxe5 dxe5 23.a5 f4
24.axb6 Qxb6 25.Bd2 Bxc4 26.Qxc4 Nxd2 27.Qa4 Re7 28.Rfd1 Nb3 29.d6 Rb7 30.d7 Qd8
31.Qe4 Rxd7 32.Qxe5+ Kh6 33.Rxd7 Qxd7 34.Qxf4+ Kg7 35.Qe5+ Kh6 36.Qe3+  1-0

[Event "300 Years"]
[Site "St Petersburg RUS"]
[Date "2003.10.22"]
[Round "5"]
[White "Sudakova,I"]
[Black "Chepukaitis,G"]
[Result "1-0"]
[WhiteElo "2263"]
[BlackElo "2428"]

1.e4 g6 2.d4 Bg7 3.Nc3 d6 4.Be3 a6 5.f4 Nd7 6.Nf3 b5 7.e5 Bb7 8.Bd3 e6 9.a4 b4
10.Ne4 Nb6 11.Bd2 a5 12.Bb5+ Kf8 13.Qe2 Ne7 14.O-O Bc6 15.Bxc6 Nxc6 16.c3 Nd5
17.Rac1 Qd7 18.Rfd1 Nce7 19.c4 Nb6 20.b3 d5 21.Nf6 Qd8 22.c5 Nd7 23.Ng4 Qc8
24.c6 Nb8 25.Rc5 Qa6 26.Qb5 Qa7 27.Rdc1 h6 28.Be1 Nf5 29.Qb7 Kg8 30.Rb5 Kh7
31.Rcc5 Na6 32.Rxa5 Rhb8 33.Qxa7 Rxa7 34.Rcb5 Rba8 35.Bh4 Bf8 36.Rb7 Be7
37.Nf6+ Kh8 38.g4 Ne3 39.Bf2 Nd1 40.Nd7 Nc3 41.Kf1 Kg7 42.Ne1 Ne4 43.Ke2 f5
44.exf6+ Bxf6 45.Nxf6 Kxf6 46.Nd3 Nc3+ 47.Kf3 Ne4 48.Rxa7 Rxa7 49.Nxb4 Nxb4
50.Rxa7 Ke7 51.Rxc7+ Kd6 52.Rg7  1-0

[Event "300 Years"]
[Site "St Petersburg RUS"]
[Date "2003.10.23"]
[Round "6"]
[White "Osinovsky,S"]
[Black "Utkin,Alek"]
[Result "0-1"]
[WhiteElo "2274"]
[BlackElo "2382"]

1.e4 g6 2.d4 Bg7 3.Nc3 d6 4.f4 c6 5.Nf3 Bg4 6.Be3 Qa5 7.Be2 e6 8.O-O Ne7
9.h3 Bxf3 10.Bxf3 O-O 11.Qd2 Qc7 12.Kh1 Nd7 13.g4 f5 14.e5 d5 15.Ne2 c5 16.c3 Rac8
17.Rf2 b5 18.dxc5 Nxc5 19.Nd4 Qd7 20.Rg1 Kh8 21.Qe2 a6 22.Rh2 Ne4 23.h4 h6
24.Rhg2 Rg8 25.gxf5 gxf5 26.Bh5 Nc6 27.Nxc6 Rxc6 28.Bg6 Rc7 29.Qh5 b4 30.Bd4 bxc3
31.bxc3 Rf8 32.Qf3 Qe7 33.Qh3 Qa3 34.Bh5 Rb8 35.Rg6 Rxc3 36.Qxc3 Nxc3 37.Rxg7 Ne2  0-1

[Event "LXVIII ch-ESP Abierto"]
[Site "Burgos ESP"]
[Date "2003.10.24"]
[Round "1"]
[White "Codina Tormo,J"]
[Black "Garcia Castro,P"]
[Result "1-0"]
[WhiteElo "2005"]
[BlackElo "2356"]

1.e4 g6 2.d4 Bg7 3.Nc3 d6 4.f4 a6 5.Nf3 b5 6.a3 Nd7 7.Be2 Bb7 8.O-O c5 9.Kh1 b4
10.axb4 cxb4 11.Na2 Bxe4 12.Nxb4 a5 13.Na2 Ngf6 14.Nc3 Bb7 15.f5 gxf5 16.Bd3 Ne4
17.Ng5 Nxg5 18.Bxg5 Rg8 19.Rxf5 Bf6 20.Be4 d5 21.Bxf6 dxe4 22.Bh4 e3 23.Rg5 Rxg5
24.Bxg5 Qb6 25.Qd3 O-O-O 26.Bxe3 Nf6 27.Qc4+ Kd7 28.Qa4+ Kc8 29.Qxa5 Qxb2
30.Qc5+ Kd7 31.Rb1 Qxb1+ 32.Nxb1 Rg8 33.Qf5+ Kd8 34.Qa5+ Kd7 35.Qa7 Kc8 36.Qc5+ Kd7
37.Bg5 h6 38.h4 hxg5 39.hxg5 Ne4  1-0

[Event "WYb16"]
[Site "Halkidiki GRE"]
[Date "2003.10.24"]
[Round "2"]
[White "Milman,L"]
[Black "Eisenbeiser,A"]
[Result "1-0"]
[WhiteElo "2380"]
[BlackElo "2224"]

1.e4 g6 2.d4 Bg7 3.Nc3 d6 4.Be3 a6 5.h4 Nf6 6.f3 h5 7.Nh3 Nbd7 8.Ng5 b5 9.e5 dxe5
10.dxe5 b4 11.e6 Ne5 12.Qxd8+ Kxd8 13.O-O-O+ Ke8 14.Nb5 axb5 15.Bxb5+ Bd7
16.exd7+ Nfxd7 17.Rxd7 Nxd7 18.Rd1 Rd8 19.Ne4 Be5 20.Rxd7 Rxd7 21.Nc5 Kd8
22.Nxd7 Bg3 23.Bd4 Rg8 24.Ne5 Bxe5 25.Bxe5 g5 26.g3 gxh4 27.gxh4 Rg1+ 28.Kd2 Rh1
29.Bg3 Rh3 30.Be1 Rxf3 31.Be2 Rf5 32.Kd3 c5 33.Bd2 Rd5+ 34.Ke3 f6 35.Bf3 Rd4
36.Be1 Rc4 37.Kd3 Rd4+ 38.Ke3 Rc4 39.Kd2 Rd4+ 40.Kc1 c4 41.Bxh5 Re4 42.Kd1 Rd4+
43.Ke2 Re4+ 44.Kf1 Rf4+ 45.Kg2 Re4 46.Bf2 Re5 47.Bf3 Ke8 48.Bd4 Ra5 49.Be2 e5
50.Be3 c3 51.bxc3 Rxa2 52.Bb5+ Kf8 53.cxb4 Rxc2+ 54.Kf3 Rc3 55.Bd7 Ke7 56.Bf5 Rc4
57.h5 Kd6 58.b5 Rh4 59.h6 Rh5 60.Kg4 Rh2 61.h7 Kc7 62.Bg6  1-0

[Event "LXVIII ch-ESP Abierto"]
[Site "Burgos ESP"]
[Date "2003.10.26"]
[Round "3"]
[White "Rodriguez Vinuesa,A"]
[Black "Garcia Castro,P"]
[Result "0-1"]
[WhiteElo "2107"]
[BlackElo "2356"]

1.e4 g6 2.d4 Bg7 3.Nc3 d6 4.Nf3 a6 5.a4 Nf6 6.h3 O-O 7.Be3 Nc6 8.Be2 e5 9.O-O exd4
10.Nxd4 Re8 11.Bd3 d5 12.exd5 Nxd5 13.Nxd5 Qxd5 14.c4 Qd7 15.Nxc6 Qxc6 16.Qc2 b6
17.Rfd1 Bb7 18.Bf1 Re4 19.Rac1 Rae8 20.b4 Rxe3 21.fxe3 Bh6 22.Rd3 Bxe3+ 23.Rxe3 Rxe3
24.b5 Qc5 25.Qf2 axb5 26.axb5 Bd5 27.Rd1 Be6 28.Ra1 Re5 29.Qxc5 Rxc5 30.Rc1 h5
31.Kf2 Re5 32.Bd3 h4 33.Ra1 Kf8 34.Ra7 Rc5 35.Ra4 Ke7 36.Ke3 Rg5 37.Be4 Kd6
38.Kd4 Rc5 39.Bd3 Ke7 40.Ra1 Kf6 41.Rf1+ Kg5 42.Rf2 f6 43.Re2 Bf5 44.Re7 Bxd3
45.Kxd3 Kf5 46.Kd4 g5 47.Re3 Re5 48.Rf3+ Ke6 49.Rf2 f5 50.Rd2 Re4+ 51.Kd3 Ke5
52.Rf2 Rd4+ 53.Kc3 Rd7 54.Kc2 g4 55.hxg4 fxg4 56.Kc3 Rh7 57.Kd3 h3 58.gxh3 gxh3
59.Rh2 Kf4  0-1

[Event "CCAS Open"]
[Site "Cap d'Agde FRA"]
[Date "2003.10.26"]
[Round "5"]
[White "Kosten,A"]
[Black "Chomet,P"]
[Result "1/2-1/2"]
[WhiteElo "2540"]
[BlackElo "2356"]

1.d4 d6 2.e4 g6 3.Nc3 Bg7 4.Be3 c6 5.Nf3 Nf6 6.a4 a5 7.h3 O-O 8.Be2 Nbd7
9.O-O e5 10.dxe5 dxe5 11.Nd2 Ne8 12.Nc4 Qe7 13.Qd2 Nc7 14.Qd6 Qxd6 15.Nxd6 Ne6
16.Bg4 Nf6 17.Nxc8 Rfxc8 18.Bxe6 fxe6 19.Rfd1 h6 20.Rd3 Bf8 21.Rad1 g5 22.f3 Kf7
23.b3 c5 24.Nb5 c4 25.Nd6+ Bxd6 26.Rxd6 Ra6 27.Rd8 Raa8 28.Bb6 Rxd8 29.Bxd8 cxb3
30.cxb3 Ra6 31.Bc7 Rc6 32.Bxe5 b5 33.Kh2 bxa4 34.bxa4 Rc5 35.Bg3 Rc4 36.Ra1 Nd7
37.Be1 Nc5 38.Rb1 Nd3 39.Rb7+ Kg6 40.Bxa5 Rxa4 41.Bc3 Ra2 42.Kh1 Rc2 43.Bd4 Rc1+
44.Kh2 Rc2 45.Rb3 Ne1 46.Kg1 Nxg2  1/2-1/2

[Event "LXVIII ch-ESP Abierto"]
[Site "Burgos ESP"]
[Date "2003.10.27"]
[Round "4"]
[White "Castany Pampalona,L"]
[Black "Vassallo,M"]
[Result "0-1"]
[WhiteElo "2222"]
[BlackElo "2384"]

1.e4 g6 2.d4 Bg7 3.Nc3 d6 4.g3 Nc6 5.Be3 Nf6 6.h3 O-O 7.Nge2 e5 8.d5 Ne7
9.Bg2 c6 10.dxc6 bxc6 11.O-O d5 12.exd5 cxd5 13.f4 e4 14.Nd4 Rb8 15.b3 h5
16.Qd2 Ne8 17.Nde2 Ba6 18.Bxa7 Rc8 19.b4 Nd6 20.Rab1 Bxe2 21.Nxe2 Nc4 22.Qd1 Nf5
23.Rb3 Qe7 24.Bf2 d4 25.Qc1 Nce3 26.Nxd4 Bxd4 27.Rxe3 Nxe3 28.Bxe3 Qa7 29.Bxd4 Qxd4+
30.Kh2 h4 31.f5 hxg3+ 32.Kxg3 e3 33.Kh2 Qd2 34.c4 Rfd8 35.fxg6 fxg6 36.c5 Rd4
37.Qa3 e2 38.Qb3+ Kh8  0-1

[Event "LXVIII ch-ESP Gp A"]
[Site "Burgos ESP"]
[Date "2003.10.27"]
[Round "4"]
[White "Fernandez Garcia,Jo"]
[Black "Del Rio Angelis,S"]
[Result "1/2-1/2"]
[WhiteElo "2475"]
[BlackElo "2480"]

1.e4 d6 2.d4 g6 3.Nc3 Bg7 4.f4 Nf6 5.Nf3 O-O 6.Bd3 Na6 7.O-O c5 8.d5 Bg4
9.Kh1 Nc7 10.Qe1 Bxf3 11.Rxf3 e6 12.dxe6 fxe6 13.f5 Ng4 14.Bf4 Ne5 15.Bxe5 Bxe5
16.Qf2 Kg7 17.Rf1 Qe7 18.Nd1 Rae8 19.c3 Bf6 20.Ne3 gxf5 21.exf5 e5 22.Be4 b5
23.Rd1 Kh8 24.Rh3 Bg5 25.Qe2 Rf7 26.Ng4 Bf6 27.b3 Qf8 28.c4 Rd8 29.Rhd3 bxc4
30.bxc4 Ne8 31.Bd5 Rg7 32.Bc6 Nc7 33.Nf2 Be7 34.Rf3 Rf7 35.Rf1  1/2-1/2

[Event "LXVIII ch-ESP Abierto"]
[Site "Burgos ESP"]
[Date "2003.10.29"]
[Round "6"]
[White "Lopez Gracia,F"]
[Black "Garre Murcia,P"]
[Result "1-0"]
[WhiteElo "2360"]
[BlackElo "2200"]

1.e4 g6 2.d4 Bg7 3.Nc3 d6 4.Be3 c6 5.Qd2 b5 6.Bd3 Nd7 7.Nf3 Qc7 8.O-O a6
9.a4 Rb8 10.axb5 axb5 11.Rfe1 e6 12.d5 b4 13.dxe6 fxe6 14.Nd1 Ne7 15.Ra7 Rb7
16.Rxb7 Qxb7 17.Ng5 Ne5 18.f4 Nxd3 19.Qxd3 h6 20.Nf3 Qc7 21.e5 dxe5 22.Nxe5 Bxe5
23.fxe5 Qxe5 24.Bf2 Qd5 25.Qh3 Kf7 26.Ne3 Qg5 27.Nc4 Qd5 28.Ne3 Qg5 29.Bh4 Qc5
30.Bxe7 Qxe7 31.Qf3+ Kg7 32.Qxc6 Bb7 33.Qb6 Rf8 34.Ng4 Qd7 35.Qe3 g5 36.Qxe6 Qxe6
37.Rxe6 h5 38.Re7+ Rf7 39.Rxf7+ Kxf7 40.Ne5+ Ke6 41.Nd3 b3 42.Nc5+ Ke5 43.Nxb3 h4
44.Kf2 Be4 45.c3 Kd5 46.Nd2 Bf5 47.Ke3 g4 48.g3 hxg3 49.hxg3 Ke5 50.c4 Bd7
51.b4 Bc6 52.b5 Bb7 53.Nb3 Bg2 54.Na5  1-0

[Event "CCAS Open"]
[Site "Cap d'Agde FRA"]
[Date "2003.10.29"]
[Round "8"]
[White "Santo Roman,M"]
[Black "Shoker,S"]
[Result "1-0"]
[WhiteElo "2385"]
[BlackElo "2273"]

1.e4 g6 2.d4 Bg7 3.Nc3 d6 4.Be3 c6 5.Qd2 Nd7 6.Nf3 b5 7.Bd3 a6 8.O-O Bb7
9.h3 Qc7 10.Rfe1 c5 11.a3 h6 12.Rad1 cxd4 13.Bxd4 Bxd4 14.Nxd4 Ngf6 15.Nf3 Ne5
16.Nxe5 dxe5 17.a4 b4 18.Na2 a5 19.c3 b3 20.Nc1 Bc6 21.Bb5 Bxb5 22.axb5 a4
23.Nd3 g5 24.Nb4 Kf8 25.Nc6 Kg7 26.c4 Rhe8 27.c5 Nh5 28.Qd7 Rac8 29.Qxc7 Rxc7
30.Ra1 Ra8 31.Re3 Nf6 32.f3 Nd7 33.Rc3 Rb7 34.b6 a3 35.bxa3 b2 36.Rb1 Rc8
37.Nxe7 Rxc5 38.Rxc5 Nxc5 39.Nf5+ Kg6 40.Rxb2 Na4 41.Rb4 Nxb6 42.a4 Rb8 43.Ne7+ Kg7
44.Nc6  1-0

[Event "WYg16"]
[Site "Halkidiki GRE"]
[Date "2003.10.31"]
[Round "9"]
[White "Isgandarova,K"]
[Black "Prudnikova,E"]
[Result "1-0"]
[WhiteElo "2020"]
[BlackElo "2098"]

1.e4 g6 2.d4 Bg7 3.Nc3 d6 4.f4 a6 5.a4 Nf6 6.Nf3 c5 7.dxc5 Qa5 8.Bd3 Qxc5
9.Qe2 O-O 10.Be3 Qa5 11.O-O Nc6 12.Nd2 d5 13.Nb3 Qd8 14.exd5 Nxd5 15.Nxd5 Qxd5
16.Rad1 Qd7 17.c3 Qc7 18.Qf2 Bg4 19.Bb6 Qc8 20.Be2 Bf5 21.Nc5 e5 22.Bd3 Bg4
23.Rde1 a5 24.h3 Be6 25.Re2 f5 26.Nxe6 Qxe6 27.fxe5 Nxe5 28.Bb5 Qc8 29.Rfe1 Nd7
30.Re7 Nxb6 31.Qxb6 Bf6 32.Rxb7 f4 33.Ra7 Qd8 34.Bc4+ Kh8 35.Qb7 Bd4+ 36.cxd4 Qh4
37.Re7 Rf7  1-0

[Event "Corsica Masters KO"]
[Site "Bastia FRA"]
[Date "2003.11.01"]
[Round "1.6"]
[White "Shirov,A"]
[Black "Tkachiev,V"]
[Result "1-0"]
[WhiteElo "2737"]
[BlackElo "2645"]

1.e4 d6 2.d4 g6 3.Nc3 Bg7 4.f4 Nf6 5.Nf3 c5 6.Bb5+ Bd7 7.Bxd7+ Nfxd7 8.d5 b5
9.Qe2 b4 10.Nd1 Qc8 11.O-O Qa6 12.Qe1 Nb6 13.Nf2 N8d7 14.a3 bxa3 15.Rxa3 Qb7
16.b3 O-O 17.c4 e6 18.dxe6 fxe6 19.Qe2 d5 20.cxd5 exd5 21.e5 Rae8 22.Qa6 Qc6
23.Bd2 h6 24.b4 Rc8 25.bxc5 Nxc5 26.Qe2 Ne6 27.Rxa7 Nc4 28.Rfa1 Nxf4 29.Bxf4 Rxf4
30.e6 Bxa1 31.Rxa1 Re8 32.Re1 Qc5 33.Qc2 Rf6 34.Qe2 Qb6 35.Qd3 Rfxe6 36.Qxd5 Ne3
37.Qd4 Nf5 38.Rxe6 Qb1+ 39.Qd1 Qxd1+ 40.Nxd1 Rxe6 41.Kf2 Kf7 42.Nc3 Ra6 43.g4 Ne7
44.h4 Ra3 45.Ne4 Nc6 46.h5 g5 47.Nd6+  1-0

[Event "LXVIII ch-ESP Abierto"]
[Site "Burgos ESP"]
[Date "2003.11.01"]
[Round "9"]
[White "Jimenez Villena,F"]
[Black "Garcia Castro,P"]
[Result "0-1"]
[WhiteElo "2240"]
[BlackElo "2356"]

1.d4 g6 2.e4 Bg7 3.Nc3 d6 4.Nf3 a6 5.Be2 Nc6 6.h3 Nf6 7.O-O O-O 8.Re1 e5
9.Bf1 exd4 10.Nxd4 Re8 11.Nxc6 bxc6 12.Bg5 h6 13.Bh4 g5 14.Bg3 Nd7 15.Qd2 Rb8
16.b3 Qf6 17.Re3 Qd4 18.Rd3 Qc5 19.Re1 Ne5 20.Rde3 Ng6 21.Kh1 Qa5 22.a4 Be6
23.Nb1 Qxd2 24.Nxd2 Bd4 25.Rf3 Bc8 26.Rd1 c5 27.Bc4 Re7 28.Re1 Kg7 29.Rd3 f5
30.c3 Bf6 31.f4 gxf4 32.Bh2 Ne5 33.exf5 Bxf5 34.Rd5 Be6 35.Ne4 Nxc4 36.Nxf6 Kxf6
37.bxc4 Bxd5 38.Rxe7 Rb1+ 39.Bg1  0-1

[Event "TCh-BEL 2003-4"]
[Site "Belgium BEL"]
[Date "2003.11.02"]
[Round "3"]
[White "Motwani,P"]
[Black "Carlier,B"]
[Result "1/2-1/2"]
[WhiteElo "2536"]
[BlackElo "2415"]

1.d4 g6 2.e4 Bg7 3.Nc3 d6 4.Be3 Nf6 5.Nf3 O-O 6.h3 c6 7.a4 Qc7 8.a5 d5 9.e5 Ne4
10.Nxe4 dxe4 11.Ng5 c5 12.c3 cxd4 13.cxd4 Nc6 14.Qc2 Rd8 15.Bc4 e6 16.Bb5 Bd7
17.Nxe4 Rac8 18.Nd6 Nb4 19.Qxc7 Rxc7 20.O-O a6 21.Bxd7 Rcxd7 22.Rfc1 Bf8
23.Ne4 Be7 24.Ra4 Nc6 25.Rcc4 Rd5 26.g4 Kf8 27.Kg2 Rb5 28.Bg5 Bxg5 29.Nxg5 Ke7
30.Nxh7 Rxb2 31.Ng5 Rb5 32.h4 Rbd5 33.Nf3 Rxa5 34.Rxa5 Nxa5 35.Rc7+ Rd7 36.Rc8 Rd8
37.Rc7+ Rd7 38.Rc5 Nc6 39.Rc4 Rd8 40.Kg3 a5 41.h5 gxh5 42.gxh5 Kd7 43.Kf4 b5
44.Rc5 b4 45.d5 exd5 46.Rxd5+ Ke7 47.Rc5 Kd7 48.Rd5+ Ke7 49.Rc5 Kd7 50.Rd5+  1/2-1/2

[Event "ch-UKR"]
[Site "Simferopol UKR"]
[Date "2003.11.04"]
[Round "1"]
[White "Kislinsky,A"]
[Black "Bylino,O"]
[Result "0-1"]
[WhiteElo "2429"]
[BlackElo "2258"]

1.e4 g6 2.d4 Bg7 3.Nc3 d6 4.f4 a6 5.Nf3 b5 6.Bd3 Bb7 7.O-O Nd7 8.e5 c5 9.Ng5 Nh6
10.Nce4 O-O 11.c3 cxd4 12.cxd4 Qb6 13.Kh1 Qxd4 14.Qe2 dxe5 15.a4 Nf5 16.Bd2 exf4
17.Rxf4 Qxb2 18.Rb1 Qe5 19.axb5 axb5 20.Nf3 Qe6 21.Nfg5 Qe5 22.Nf3 Qe6 23.Nfg5 Nd4
24.Qf2 Qd5 25.Rf1 Ne5 26.Bb1 Ne6 27.Nxe6 fxe6 28.Qh4 Rxf4 29.Bxf4 Nd3 30.Rf3  0-1

[Event "1st GM"]
[Site "Nagykanizsa HUN"]
[Date "2003.11.06"]
[Round "2"]
[White "Antal,Ge"]
[Black "Vajda,L"]
[Result "1-0"]
[WhiteElo "2473"]
[BlackElo "2537"]

1.e4 g6 2.d4 Bg7 3.Nc3 d6 4.Be3 a6 5.f4 b5 6.Bd3 Bb7 7.Nf3 Nd7 8.e5 Nh6 9.Qe2 e6
10.O-O-O Nb6 11.Rhg1 Nf5 12.Bxf5 exf5 13.d5 Nc4 14.Bd4 dxe5 15.Nxe5 Nxe5
16.Bxe5 O-O 17.Bxg7 Kxg7 18.Rge1 Re8 19.Qxe8 Qxe8 20.Rxe8 Rxe8 21.b4 Rd8
22.g3 Rd6 23.Kb2 h6 24.Kb3 g5 25.a4 bxa4+ 26.Kxa4 Kg6 27.Kb3 Kh5 28.h3 gxf4
29.gxf4 Kh4 30.Rd3 Rg6 31.Kc4 Rg3 32.Rd1 Rf3 33.Ne2 Rf2 34.Nd4 Rxf4 35.Kc5 h5
36.Rd3 Rf2 37.Re3 f4 38.Re7 Bc8 39.Rxc7 Bxh3 40.d6 Rg2 41.Rxf7 Rg8 42.Rxf4+ Kg3
43.Rf7 h4 44.Nf5+ Bxf5 45.Rxf5  1-0

[Event "ch-UKR"]
[Site "Simferopol UKR"]
[Date "2003.11.06"]
[Round "3"]
[White "Kovchan,A"]
[Black "Matjushin,G"]
[Result "1-0"]
[WhiteElo "2561"]
[BlackElo "2416"]

1.e4 g6 2.d4 Bg7 3.Nc3 d6 4.f4 Nf6 5.Nf3 O-O 6.Bd3 Na6 7.O-O c5 8.d5 Bg4
9.Bc4 Nc7 10.h3 Bxf3 11.Qxf3 Nd7 12.a4 a6 13.Rd1 Rb8 14.Qd3 Nb6 15.Bb3 Nd7
16.a5 b5 17.axb6 Nxb6 18.Na4 Qc8 19.Nxb6 Rxb6 20.Ra2 Qb7 21.Bd2 Rc8 22.Rb1 Qa7
23.Bc4 Ra8 24.Kh1 Rbb8 25.b3 Qb7 26.Rf1 Rf8 27.Be1 Nb5 28.Ra5 Qb6 29.Bxb5 axb5
30.Rxb5 Qa6 31.Bh4 Ra7 32.Bg3 Rb7 33.Rxb7 Qxb7 34.e5 Qb4 35.Be1 Qb8 36.Bh4 Re8
37.Qf3 f5 38.Re1 dxe5 39.fxe5 Bxe5 40.Qe3 Bd6 41.Qe6+ Kg7 42.Bf6+ Kf8 43.Bg5 Kg7
44.Qe3 Qb4 45.Bh6+ Kh8 46.Bg5 Kg7 47.c4 h5 48.Bh4 f4 49.Qd3 Ra8 50.Re6 Ra1+
51.Kh2 f3+ 52.Bg3 Bxg3+ 53.Kxg3 Qb8+ 54.d6 h4+ 55.Kh2 fxg2 56.Rxg6+  1-0

[Event "7th BayEM"]
[Site "Bad Wiessee GER"]
[Date "2003.11.09"]
[Round "2"]
[White "Kuehn,C"]
[Black "Galdunts,S"]
[Result "0-1"]
[WhiteElo "2167"]
[BlackElo "2496"]

1.e4 d6 2.d4 g6 3.Nc3 Bg7 4.Bc4 c6 5.Nf3 Nf6 6.e5 dxe5 7.Nxe5 O-O 8.O-O Nbd7
9.Bf4 Nh5 10.Nxd7 Qxd7 11.Be3 Rd8 12.Ne2 b5 13.Bb3 a5 14.c3 a4 15.Bc2 e5
16.Qc1 exd4 17.cxd4 Qd6 18.Be4 Bd7 19.Rd1 Rac8 20.Bf3 Be6 21.Bg5 Rd7 22.g4 Nf6
23.h3 Bd5 24.Bf4 Qe6 25.Bxd5 Nxd5 26.Nc3 Nxf4 27.Qxf4 Rcd8 28.d5 cxd5 29.Nxb5 Bxb2
30.Rab1 a3 31.Qg3 Qa6 32.Nd4 Qc4 33.Nb3 d4 34.Qd3 Qd5 35.Rd2 h5 36.Rbd1 Kg7
37.Qg3 hxg4 38.Qxg4 Qe5 39.Kg2 d3 40.Qf3 Qb5 41.Nc1 Bxc1 42.Rxc1  0-1

[Event "TCh-CZE Extraliga 2003-4"]
[Site "Czech Rep CZE"]
[Date "2003.11.09"]
[Round "2"]
[White "Cech,P"]
[Black "Gross,Dav CZE"]
[Result "0-1"]
[WhiteElo "2393"]
[BlackElo "2419"]

1.d4 g6 2.e4 Bg7 3.Nc3 d6 4.Be3 Nf6 5.f3 c6 6.Qd2 Nbd7 7.Bh6 Bxh6 8.Qxh6 Qa5
9.Ne2 b5 10.Qd2 Bb7 11.Ng3 a6 12.Be2 c5 13.d5 h5 14.h4 Ne5 15.Nf1 O-O-O 16.Ne3 e6
17.O-O exd5 18.Nexd5 Nxd5 19.exd5 Rhe8 20.a4 b4 21.Ne4 c4 22.Nf6 Re7 23.c3 bxc3
24.bxc3 Nd7 25.Nxd7 Rdxd7 26.Bxc4 Qc5+ 27.Qd4 Rc7 28.Bd3 Qxc3 29.Qxc3 Rxc3
30.Rfd1 Re5 31.Bf1 a5 32.Rab1 Rxd5 33.Re1 Rc7 34.Re8+ Kd7 35.Rb8 Bc6 36.Bc4 Rf5
37.Bb5 Rf4 38.Re1 Rb4 39.Rf8 Bxb5 40.Rxf7+ Kc6 41.axb5+ Rxb5 42.Rf6 a4 43.Rxg6 a3
44.Ra1 Ra7 45.Re6 a2 46.Ree1 d5 47.Kf2 d4 48.Re2 Rba5 49.Rc2+ Kd5 50.Ke2 Ra3
51.Kd2 Rg7 52.Kd1 Rga7 53.Kd2 R7a4 54.Rc8 Ke5 55.Rc5+ Kf4 56.Rxh5 Rb4 57.Rd5 Rb2+
58.Kc1 Rxg2 59.Rxd4+ Ke3 60.Rg4 Rc3+ 61.Kd1 Rb2  0-1

[Event "TCh-CZE Extraliga 2003-4"]
[Site "Czech Rep CZE"]
[Date "2003.11.09"]
[Round "2"]
[White "Olsar,J"]
[Black "Petran,Pe"]
[Result "0-1"]
[WhiteElo "2312"]
[BlackElo "2400"]

1.e4 g6 2.d4 Bg7 3.Nc3 d6 4.Be3 c6 5.Qd2 b5 6.f3 Nd7 7.h4 h5 8.Nh3 a6 9.O-O-O Bb7
10.Ng5 Qc7 11.Kb1 Ngf6 12.f4 Ng4 13.e5 Nb6 14.f5 gxf5 15.e6 f6 16.Nf7 b4
17.Na4 Nxa4 18.Nxh8 Bxh8 19.Bd3 Nc3+ 20.bxc3 bxc3 21.Qxc3 Nxe3 22.Rde1 f4
23.Bg6+ Kd8 24.Qd3 f5 25.c3 c5 26.Re2 Be4  0-1

[Event "ch-Europe Internet Blitz"]
[Site "playchess.com INT"]
[Date "2003.11.09"]
[Round "1.3"]
[White "Plaskett,J"]
[Black "Soloviov,S"]
[Result "0-1"]
[WhiteElo "2483"]
[BlackElo "2422"]

1.e4 g6 2.d4 Bg7 3.Nc3 d6 4.f4 a6 5.Nf3 b5 6.a4 b4 7.Na2 Bb7 8.Bd3 c5 9.dxc5 dxc5
10.O-O Nc6 11.Qe2 Nh6 12.Rb1 O-O 13.h3 Nd4 14.Nxd4 cxd4 15.Nxb4 Qa5 16.Bd2 Qxa4
17.Ra1 Qd7 18.Nxa6 Rfc8 19.Nb4 Qd6 20.b3 Kh8 21.Rae1 e6 22.Bc4 Rab8 23.Nd3 Ba6
24.Ne5 Ra8 25.Bxa6 Rxa6 26.Nc4 Qc5 27.Qd3 Rca8 28.Kh1 Ra2 29.Re2 Qh5 30.Ree1 Qh4
31.Kg1 Rc8 32.Bb4 Kg8 33.Bd6 Qd8 34.Be5 Bxe5 35.fxe5 Qg5 36.Rf2 Rd8 37.Ref1 Ra7
38.Rf3 Ra2 39.Rg3 Qh4 40.Rgf3 Qg5 41.b4 Rb8 42.b5 Rxb5 43.Nd6 Rc5 44.Qb3 Raxc2
45.g3 Qd2 46.R3f2 Qe3 47.Qb8+ Kg7 48.Ne8+ Kh8 49.Nd6+ Ng8 50.Nxf7+ Kg7 51.Kg2 R5c3
52.Ng5 Qxg3+ 53.Kh1 Rxf2 54.Qb7+ Kh6 55.Nf7+ Rxf7 56.Qxf7 Qxh3+  0-1